The buy to let handbook: how to invest wisely in residential property and manage the letting yourself (Record no. 102704)
[ view plain ]
| 000 -LEADER | |
|---|---|
| fixed length control field | 01090cam a2200241 4500 |
| 008 - FIXED-LENGTH DATA ELEMENTS--GENERAL INFORMATION | |
| fixed length control field | 030319n2003 000 0 eng u |
| 020 ## - INTERNATIONAL STANDARD BOOK NUMBER | |
| International Standard Book Number | 1857038649 |
| 035 ## - SYSTEM CONTROL NUMBER | |
| System control number | (Sirsi) u121676 |
| 041 ## - LANGUAGE CODE | |
| Language code of text/sound track or separate title | eng. |
| 050 ## - LIBRARY OF CONGRESS CALL NUMBER | |
| Classification number | 332.6324 |
| -- | 18 |
| 100 ## - MAIN ENTRY--PERSONAL NAME | |
| Personal name | Booth, Tony |
| 245 #4 - TITLE STATEMENT | |
| Title | The buy to let handbook: how to invest wisely in residential property and manage the letting yourself |
| 260 ## - PUBLICATION, DISTRIBUTION, ETC. | |
| Place of publication, distribution, etc. | Oxford |
| Name of publisher, distributor, etc. | How To Books |
| Date of publication, distribution, etc. | 2003 |
| 300 ## - PHYSICAL DESCRIPTION | |
| Extent | xv, 176p. |
| Dimensions | 22cm. |
| 350 ## - PRICE (NR) (BK AM CF MU VM SE) [OBSOLETE] | |
| Price | 9.99 |
| 520 ## - SUMMARY, ETC. | |
| Summary, etc. | Offers guidance on buying, preparing and letting a suitable investment property. Among the issues considered are: how to find and buy the right property; how to find good tenants; where to obtain forms and how to complete tenancy agreements; how to deal with deposits and rent arrears; complying with current legislation; and how to regain possession of a property. Also includes a chapter on letting property in Scotland. |
| 650 ## - SUBJECT ADDED ENTRY--TOPICAL TERM | |
| Topical term or geographic name entry element | BUY-TO-LET |
| 650 ## - SUBJECT ADDED ENTRY--TOPICAL TERM | |
| Topical term or geographic name entry element | INVESTMENT PROPERTIES |
| 650 ## - SUBJECT ADDED ENTRY--TOPICAL TERM | |
| Topical term or geographic name entry element | RESIDENTIAL PROPERTY |
| 9 (RLIN) | 6266 |
| 650 ## - SUBJECT ADDED ENTRY--TOPICAL TERM | |
| Topical term or geographic name entry element | LETTINGS MANAGEMENT |
| 690 ## - LOCAL SUBJECT ADDED ENTRY--TOPICAL TERM (OCLC, RLIN) | |
| Topical term or geographic name as entry element | INVESTMENT |
| 942 ## - ADDED ENTRY ELEMENTS (KOHA) | |
| Suppress in OPAC | 0 |
| Withdrawn status | Lost status | Source of classification or shelving scheme | Damaged status | Not for loan | Home library | Current library | Shelving location | Date acquired | Cost, normal purchase price | Total Checkouts | Full call number | Barcode | Date last seen | Date last checked out | Copy number | Cost, replacement price | Price effective from | Koha item type |
|---|---|---|---|---|---|---|---|---|---|---|---|---|---|---|---|---|---|---|
| Dewey Decimal Classification | London | London | Books | 29/04/2003 | 7.99 | 31 | 332.6324 BOO | 30068457 | 21/11/2023 | 08/04/2008 | 1 | 7.99 | 06/08/2019 | Book |